MARC

LEADER 00000nam0a2200000 4500
001 34075
005 20231101210217.0
035 |a (RuTPU)RU\TPU\book\34452 
035 |a BOOK00001103 
090 |a 34075 
100 |a 20011210d1978 k y0rusy50 ca 
101 0 |a rus 
102 |a RU 
105 |a y z 000zy 
200 1 |a Математическое моделирование и оптимизация теплоэнергетических установок  |f Л. С. Попырин 
210 |a Москва  |c Энергия  |d 1978 
215 |a 416 с. 
606 |a Теплоэнергетические установки  |2 stltpush  |3 (RuTPU)RU\TPU\subj\59827  |9 77324 
610 1 |a оптимизация 
610 1 |a технико-экономические основы 
610 1 |a математическое моделирование 
610 1 |a теория 
610 1 |a практика 
610 1 |a задачи 
675 |a 621.1.002.5  |v 3 
700 1 |a Попырин  |b Л. С.  |g Лев Сергеевич 
801 0 |a RU  |b 63413507  |c 20011210  |g PSBO 
801 2 |a RU  |b 63413507  |c 20201030  |g PSBO 
900 |a Технико-экономические основы оптимизации ТЭУ 
900 |a Методы оптимизации и расчета на ЭВМ технико-экономических задач 
900 |a Автоматизация проектирования 
942 |c BK